Η ευημερία του κακού : μια (ανήσυχη) εισαγωγή στην οικονομία
Αποθηκεύτηκε σε:
| Κύριος συγγραφέας: | |
|---|---|
| Άλλοι συγγραφείς: | |
| Μορφή: | Βιβλίο |
| Γλώσσα: | Greek French |
| Δημοσίευση: |
[Αθήνα] :
Πόλις,
[2011].
|
| Έκδοση: | 5η έκδ. |
| Θέματα: | |
| Ετικέτες: |
Προσθήκη ετικέτας
Δεν υπάρχουν, Καταχωρήστε ετικέτα πρώτοι!
|
MARC
| LEADER | 00000cam a2200000 i 4500 | ||
|---|---|---|---|
| 001 | 1/34338 | ||
| 008 | 130813s20102011gr ||| | gre|| | ||
| 020 | |a 9789604352593 | ||
| 035 | |l 10115256 | ||
| 040 | |a GR-MyUA |b gre |e AACR2 | ||
| 041 | 1 | |a gre |h fre | |
| 082 | 0 | |a 337 |2 (22) | |
| 100 | 1 | |a Cohen, Daniel, |d 1953- | |
| 245 | 1 | 2 | |a Η ευημερία του κακού : |b μια (ανήσυχη) εισαγωγή στην οικονομία / |c Daniel Cohen ; μετάφραση: Τάσος Γιαννίτσης. |
| 250 | |a 5η έκδ. | ||
| 260 | |a [Αθήνα] : |b Πόλις, |c [2011]. | ||
| 300 | |a 337 σ. ; |c 21 εκ. | ||
| 500 | |a Τίτλος πρωτοτύπου: La prosperite du vice. | ||
| 504 | |a Περιλαμβάνει βιβλιογραφικές παραπομπές. | ||
| 650 | 0 | 0 | |a Globalization. |
| 650 | 0 | 0 | |a Economics |x Social aspects. |
| 650 | 0 | 0 | |a Economic history. |
| 700 | 1 | |a Γιαννίτσης, Τάσος, |e trl | |
| 852 | |a INST |b RHODES |e 20130813 |h 337 COH |p 005400035478 |q 005400035478 |t BK |y 0 | ||
| 852 | |a INST |b SAMOS |e 20200113 |h 337 COH |p 005300046237 |q 005300046237 |t BK |y 0 | ||
| 901 | |a BIBL4-2013-2 | ||
| 909 | |a Ρ |b 179258 | ||
| 922 | |a 4ΕΛΗ |b 201307 |c ΤΑΚ/ΠΤΔΕ |d BEST BOOK HUNTERS | ||
| 970 | |z 2013/08/13 | ||